000
00304 a2200121 4500
000
nam a22 7a 4500
005
20260220050248.0
020
_a
9788197802225
100
_a
Rahul Sankrityayan
_9
1116330
245
_a
Roos Mein Pachchis Mas
260
_b
Radhakrishna Prakashan
_c
2025
942
_c
TEXL
999
_c
1679995
_d
1679995